History of the reign of Ferdinand and Isabella, the Catholic (Record no. 6317)

MARC details
000 -CABECERA
campo de control de longitud fija 00829nam a2200241 a 4500
001 - NÚMERO DE CONTROL
campo de control BRCA_6633
005 - FECHA Y HORA DE LA ÚLTIMA TRANSACCIÓN
campo de control 20190320205533.0
008 - DATOS DE LONGITUD FIJA--INFORMACIÓN GENERAL
campo de control de longitud fija 101011s18460850nyuab#####---#000-0#eng-#
041 ## - CÓDIGO DE LENGUA
Código de lengua del texto/banda sonora o título independiente eng
044 ## - CÓDIGO DEL PAÍS DE LA ENTIDAD EDITORA/PRODUCTORA
Código MARC del país nyu
050 #4 - SIGNATURA TOPOGRÁFICA DE LA BIBLIOTECA DEL CONGRESO
Número de clasificación DP162
Número de documento/Ítem .P74
100 1# - ENTRADA PRINCIPAL--NOMBRE DE PERSONA
Nombre de persona Prescott, William Hickling
Fechas asociadas al nombre 1796-1859
9 (RLIN) 8071
245 10 - MENCIÓN DE TÍTULO
Título History of the reign of Ferdinand and Isabella, the Catholic
Mención de responsabilidad, etc. William H. Prescott.
260 ## - PUBLICACIÓN, DISTRIBUCIÓN, ETC.
Lugar de publicación, distribución, etc. Nueva York
Nombre del editor, distribuidor, etc. Harper
Fecha de publicación, distribución, etc. 1846-1850
300 ## - DESCRIPCIÓN FÍSICA
Extensión 3 v.
Otras características físicas il., mapas, retratos
Dimensiones 24 cm.
500 ## - NOTA GENERAL
Nota general Estado físico: v.3 encuadernación desprendida
500 ## - NOTA GENERAL
Nota general L124
600 14 - PUNTO DE ACCESO ADICIONAL DE MATERIA--NOMBRE DE PERSONA
Nombre de persona Fernando V el católico, Rey de España
Fechas asociadas al nombre 1452-1516
9 (RLIN) 16611
600 14 - PUNTO DE ACCESO ADICIONAL DE MATERIA--NOMBRE DE PERSONA
Nombre de persona Isabel I la católica, Reina de España
Fechas asociadas al nombre 1451-1504
9 (RLIN) 16612
651 #4 - PUNTO DE ACCESO ADICIONAL DE MATERIA--NOMBRE GEOGRÁFICO
Nombre geográfico España
Subdivisión general Historia
Subdivisión cronológica Fernando e Isabel, 1479-1516.
9 (RLIN) 16613
902 ## - CATALOGADOR
Iniciales GFM
942 ## - ELEMENTOS DE PUNTO DE ACCESO ADICIONAL (KOHA)
Fuente del sistema de clasificación o colocación Library of Congress Classification
Tipo de ítem Koha Libros
Holdings
Estado de retiro Estado de pérdida Estado dañado No para préstamo Localización permanente Ubicación/localización actual Fecha de adquisición Número de inventario Total de préstamos Signatura topográfica completa Código de barras Fecha visto por última vez Precio válido a partir de Tipo de ítem Koha
El ejemplar forma parte de la colección y puede ser consultado según las políticas vigentes.       Biblioteca del Museo Franz Mayer (Rogerio Casas-Alatriste) Biblioteca del Museo Franz Mayer (Rogerio Casas-Alatriste) 10/10/2011 L124   DP162 .P74 (L124) 7081 22/03/2019 22/03/2019 Libros